000 00777nam a2200205 a 4500
003 0
005 20250403112919.0
008 050809s19uu xx 00 eng d
050 _aPGS ML 3830.S44
_b.Sa195 2005
100 _aSan Juan, Monica Erin Z.
245 _aThe effects of music preference on the self-esteem of grade six students /
_cMonica Erin Z. San Juan.
260 _aLas PiƱas City, Philippines :
_bSouthville International School and Colleges,
_c2005.
300 _a27 pages :
_bcolored illustrations ;
_c28 cm.
504 _aIncludes bibliographical references.
650 _aMusic preferences
_vPsychological aspects.
650 _aMusic
_vInfluence on emotions.
650 _aSelf-esteem in children.
650 _aMusic and children.
942 _2lcc
_cPASS
999 _c97421
_d97421